[Event "e2e4.org.uk Bedford Open"]
[Site "Park Inn Hotel, Bedford, Engla"]
[Date "2013.09.22"]
[Round "5"]
[White "Redman, David J"]
[Black "Jackson, James P"]
[Result "0-1"]
[WhiteElo "1797"]
[BlackElo "2231"]
[PlyCount "144"]
[EventDate "2013.??.??"]

1. d4 Nf6 2. c4 c5 3. d5 e6 4. Nc3 exd5 5. cxd5 d6 6. e4 g6 7. Bd3 Bg7 8. h3
O-O 9. Nf3 Nh5 10. O-O Nd7 11. Be3 Ne5 12. Nxe5 Bxe5 13. f4 Bg7 14. g4 Nf6 15.
e5 dxe5 16. fxe5 Nxd5 17. Bxc5 Nxc3 18. bxc3 Be6 19. Bxf8 Qb6+ 20. Rf2 Rxf8 21.
Qe2 Qc5 22. Re1 Qxc3 23. Qe3 Bh6 24. Qe2 Rd8 25. Rd1 Rd5 26. Qf3 Qxe5 27. Kf1
Bg5 28. Re1 Qd6 29. Bc4 Re5 30. Bxe6 Rxe1+ 31. Kxe1 Qxe6+ 32. Re2 Qd7 33. Qe4
Kg7 34. Qe8 Qd3 35. Qe5+ Bf6 36. Qe3 Qd5 37. Qe4 Qd6 38. Rg2 Bh4+ 39. Ke2 Bg5
40. Qd3 Qe5+ 41. Kf3 Qf4+ 42. Ke2 Bh4 43. Qc3+ Bf6 44. Qd3 Bd4 45. Qf3 Qe5+ 46.
Kf1 Qb5+ 47. Re2 Qb1+ 48. Re1 Qxa2 49. g5 a5 50. Qf4 Qc4+ 51. Kg2 Qc2+ 52. Kh1
Qc6+ 53. Kh2 Qc5 54. Kh1 Qd5+ 55. Kh2 Bc3 56. Re3 Qd4 57. Qf3 Bd2 58. Re4 Qd6+
59. Kg2 Bxg5 60. h4 Bf6 61. h5 Qd2+ 62. Kh1 Qc1+ 63. Kg2 Qg5+ 64. Rg4 Qxh5 65.
Qf4 Qd5+ 66. Kh3 Qh1+ 67. Kg3 h5 68. Rxg6+ Kxg6 69. Qb8 Qh4+ 70. Kg2 Qe4+ 71.
Kh3 Qh1+ 72. Kg3 Bh4+ 0-1

[Event "e2e4.org.uk Bedford Open"]
[Site "Park Inn Hotel, Bedford, Engla"]
[Date "2013.09.22"]
[Round "5"]
[White "Doci, Stefan"]
[Black "Merry, Alan B"]
[Result "0-1"]
[WhiteElo "2075"]
[BlackElo "2310"]
[PlyCount "54"]
[EventDate "2013.??.??"]

1. d4 Nf6 2. Nf3 g6 3. e3 Bg7 4. b3 O-O 5. Bb2 d6 6. Bd3 Nbd7 7. O-O Re8 8.
Nbd2 e5 9. dxe5 dxe5 10. e4 b6 11. Nc4 Bb7 12. Re1 Nc5 13. Bxe5 Nfxe4 14. Bxg7
Kxg7 15. Ne3 Qf6 16. Bxe4 Nxe4 17. Ng4 Qc3 18. Re3 Qc5 19. Qc1 Qf5 20. h3 h5
21. Nh4 Qg5 22. Nf3 Qf4 23. g3 Nxg3 24. Qb2+ f6 25. Qd4 Ne2+ 26. Rxe2 Qxf3 27.
Qd7+ Kf8 0-1

[Event "e2e4.org.uk Bedford Open"]
[Site "Park Inn Hotel, Bedford, Engla"]
[Date "2013.09.22"]
[Round "5"]
[White "Burrows, Martin P"]
[Black "Andreev, Peter"]
[Result "1-0"]
[WhiteElo "2142"]
[BlackElo "2007"]
[PlyCount "161"]
[EventDate "2013.??.??"]

1. e4 c5 2. Nf3 Nc6 3. d4 cxd4 4. Nxd4 e6 5. Nb5 Bc5 6. Nd6+ Ke7 7. Nxc8+ Rxc8
8. Bd3 Nf6 9. O-O Ne5 10. Nc3 d5 11. Bg5 d4 12. Ne2 h6 13. Bh4 g5 14. Bg3 Nc6
15. h3 e5 16. a3 h5 17. h4 g4 18. Qd2 Rg8 19. b4 Bd6 20. Nc1 Qc7 21. Nb3 b6 22.
c4 dxc3 23. Qxc3 Nd8 24. Qb2 Ne6 25. Rac1 Qb8 26. Rfe1 b5 27. Nc5 Nd4 28. Bb1
Nd7 29. Nxd7 Kxd7 30. Ba2 Ke7 31. Kh2 Rh8 32. Qd2 f6 33. Bd5 Kd7 34. Red1 Bf8
35. Rxc8 Qxc8 36. Bf4 Bd6 37. Be3 Ke7 38. Bxd4 exd4+ 39. g3 Be5 40. Rc1 Qb8 41.
Rc6 Kf8 42. Qc2 Kg7 43. Qc5 Kg6 44. Be6 Rd8 45. Bf5+ Kf7 46. Ra6 Bd6 47. Qd5+
Kg7 48. e5 Bxe5 49. Qc5 Bd6 50. Qxa7+ Qxa7 51. Rxa7+ Kf8 52. Bd3 Rc8 53. Bxb5
Rc3 54. Rd7 Be7 55. a4 Bxb4 56. Rxd4 Rb3 57. Kg2 Rb2 58. Rf4 Ke7 59. Re4+ Kf8
60. Re2 Rb3 61. Be8 Ra3 62. Bxh5 Rxa4 63. Re4 Ra5 64. Rxb4 Rxh5 65. Rxg4 Kf7
66. Ra4 Rb5 67. g4 Kg6 68. Rf4 Rb3 69. f3 Rb1 70. h5+ Kg7 71. Rf5 Rc1 72. Rd5
Rc2+ 73. Kg3 Rc7 74. Ra5 Rb7 75. Rc5 Rd7 76. Rb5 Rc7 77. Kf4 Rc3 78. Rb7+ Kg8
79. Kf5 Rxf3+ 80. Kg6 Kf8 81. Rf7+ 1-0

[Event "e2e4.org.uk Bedford Open"]
[Site "Park Inn Hotel, Bedford, Engla"]
[Date "2013.09.22"]
[Round "5"]
[White "Ukken, Somton"]
[Black "Salem, Ihab"]
[Result "0-1"]
[WhiteElo "2008"]
[BlackElo "2114"]
[PlyCount "70"]
[EventDate "2013.??.??"]

1. d4 Nf6 2. c4 g6 3. Nc3 Bg7 4. e4 d6 5. Be2 O-O 6. f4 c5 7. Nf3 Bg4 8. Be3
cxd4 9. Nxd4 Bxe2 10. Qxe2 Qd7 11. Rd1 Nc6 12. O-O Rfc8 13. Kh1 Qe8 14. b3 Nd7
15. f5 Nce5 16. Nd5 a6 17. Bg5 f6 18. Bc1 g5 19. Ne6 Rab8 20. h4 g4 21. Bf4 b5
22. cxb5 axb5 23. g3 b4 24. Rc1 Bf8 25. Kg2 Nf3 26. Rxf3 gxf3+ 27. Qxf3 Rxc1
28. Bxc1 Ne5 29. Qe3 Qh5 30. Bd2 Bh6 31. Nef4 Qd1 32. Nxe7+ Kf7 33. Ned5 Ra8
34. Nxb4 Bxf4 35. gxf4 Rg8+ 0-1

[Event "e2e4.org.uk Bedford Open"]
[Site "Park Inn Hotel, Bedford, Engla"]
[Date "2013.09.22"]
[Round "5"]
[White "Goodger, Martyn"]
[Black "Savage, Nicholas W"]
[Result "1-0"]
[WhiteElo "2111"]
[BlackElo "1982"]
[PlyCount "49"]
[EventDate "2013.??.??"]

1. e4 e5 2. Nf3 Nc6 3. d4 exd4 4. Nxd4 Nf6 5. Nc3 Bb4 6. Nxc6 bxc6 7. Qd4 Qe7
8. f3 d5 9. Bg5 c5 10. Bb5+ Kf8 11. Qd3 d4 12. O-O-O Bb7 13. Ne2 c6 14. Bc4 Ba5
15. Ng3 h6 16. Nf5 Qd8 17. Bh4 Bc7 18. Bxf7 Kxf7 19. Qb3+ Kg6 20. Qxb7 Qd7 21.
Qa6 Qe6 22. Bg3 Bxg3 23. hxg3 Rhb8 24. b3 Rb5 25. Qxc6 1-0

[Event "e2e4.org.uk Bedford Open"]
[Site "Park Inn Hotel, Bedford, Engla"]
[Date "2013.09.22"]
[Round "5"]
[White "Wynarczyk, Raymond"]
[Black "Burgin, Ryan"]
[Result "0-1"]
[WhiteElo "1958"]
[BlackElo "2055"]
[PlyCount "82"]
[EventDate "2013.??.??"]

1. e4 e5 2. Nf3 Nc6 3. d4 exd4 4. Nxd4 Bc5 5. Be3 Qf6 6. c3 Qg6 7. Nd2 d6 8.
Qe2 Bd7 9. Nf5 O-O-O 10. Bxc5 dxc5 11. Ne3 Nh6 12. Qc4 f5 13. f3 fxe4 14. Nxe4
Nf5 15. Nc2 Nd6 16. Nxd6+ Qxd6 17. Be2 Be6 18. Qe4 Qd2+ 19. Kf2 Qh6 20. Rad1
Rde8 21. Qe3 Bc4 22. Bxc4 Rxe3 23. Nxe3 Re8 24. Rhe1 Qh4+ 25. Kg1 Qf4 26. g3
Qxf3 27. Bd5 Qh5 28. g4 Qg5 29. Bxc6 bxc6 30. Ng2 Rxe1+ 31. Rxe1 Qxg4 32. Re5
Qc4 33. Ne3 Qf4 34. Re8+ Kd7 35. Ng2 Qc1+ 36. Re1 Qxb2 37. Rd1+ Kc8 38. Nf4
Qxc3 39. Rf1 Qd4+ 40. Kg2 g5 41. Nh5 c4 0-1

[Event "e2e4.org.uk Bedford Open"]
[Site "Park Inn Hotel, Bedford, Engla"]
[Date "2013.09.22"]
[Round "5"]
[White "Calvert, D Ian"]
[Black "Bonafont, Philip R"]
[Result "1-0"]
[WhiteElo "1985"]
[BlackElo "2033"]
[PlyCount "81"]
[EventDate "2013.??.??"]

1. b3 e5 2. Bb2 Nc6 3. e3 Nf6 4. Nf3 Bd6 5. d4 exd4 6. exd4 O-O 7. Be2 Re8 8.
O-O b6 9. c4 Ne4 10. d5 Ne5 11. Nxe5 Bxe5 12. Bxe5 Rxe5 13. Bd3 d6 14. Bxe4
Rxe4 15. Nc3 Re5 16. f4 Re8 17. Qd2 Bd7 18. Rae1 a6 19. Rxe8+ Qxe8 20. Re1 Qf8
21. a4 Re8 22. Re3 g6 23. Qe1 Rxe3 24. Qxe3 Qg7 25. Kf2 Qf6 26. g3 Kg7 27. Ne2
Bf5 28. Qd4 Bc2 29. Qxf6+ Kxf6 30. Nd4 Bd1 31. h3 g5 32. Ke1 gxf4 33. Kxd1 fxg3
34. Ke2 Ke5 35. Nf3+ Kf4 36. Nh4 f5 37. Kf1 Kg5 38. Nf3+ Kf6 39. Kg2 f4 40. Nd2
Kf5 41. Kf3 1-0

[Event "e2e4.org.uk Bedford Open"]
[Site "Park Inn Hotel, Bedford, Engla"]
[Date "2013.09.22"]
[Round "5"]
[White "Fernandez, Michael"]
[Black "Macreamoinn, Brian"]
[Result "1-0"]
[WhiteElo "1942"]
[BlackElo "2024"]
[PlyCount "59"]
[EventDate "2013.??.??"]

1. e4 c5 2. Nf3 d6 3. d4 cxd4 4. Nxd4 Nf6 5. Nc3 g6 6. Be3 Bg7 7. f3 O-O 8. Qd2
Nc6 9. Bc4 Re8 10. O-O-O Na5 11. Bb3 Nxb3+ 12. Nxb3 Be6 13. Nd4 Qd7 14. Nxe6
Qxe6 15. Bd4 Rac8 16. Kb1 a5 17. g4 Rc4 18. Ne2 Rec8 19. Rc1 a4 20. g5 Nd7 21.
Bxg7 Kxg7 22. h4 Qe5 23. c3 R8c5 24. b3 axb3 25. axb3 Rb5 26. Kc2 Rc8 27. Qd4
Rbc5 28. Kd2 d5 29. Nf4 dxe4 30. fxe4 1-0

[Event "e2e4.org.uk Bedford Open"]
[Site "Park Inn Hotel, Bedford, Engla"]
[Date "2013.09.22"]
[Round "5"]
[White "Amato, Giampiero"]
[Black "Davison, Chris"]
[Result "1-0"]
[WhiteElo "2015"]
[BlackElo "1927"]
[PlyCount "79"]
[EventDate "2013.??.??"]

1. e4 e5 2. Nf3 Nc6 3. Bb5 a6 4. Ba4 Nf6 5. O-O Be7 6. Re1 b5 7. Bb3 d6 8. c3
O-O 9. h3 Nb8 10. d4 Nbd7 11. Nbd2 Bb7 12. Bc2 Re8 13. Nf1 Bf8 14. Ng3 g6 15.
Bg5 h6 16. Bd2 c5 17. d5 c4 18. Nh2 h5 19. Qf3 Nh7 20. Qe2 Nc5 21. Be3 Qc7 22.
Rad1 a5 23. a3 Ba6 24. Qd2 Reb8 25. f4 exf4 26. Bxf4 Bg7 27. Nf3 b4 28. e5 bxc3
29. bxc3 Nd3 30. Bxd3 cxd3 31. exd6 Qc5+ 32. Kh2 Qxd5 33. Ne4 Rb3 34. Qa2 Bc4
35. Ned2 Bxc3 36. Re4 g5 37. Rxc4 a4 38. Rxc3 Re8 39. Rxb3 axb3 40. Qxb3 1-0

[Event "e2e4.org.uk Bedford Open"]
[Site "Park Inn Hotel, Bedford, Engla"]
[Date "2013.09.22"]
[Round "5"]
[White "Jaszkiwskyj, Peter"]
[Black "Dixit, Kumar"]
[Result "0-1"]
[WhiteElo "1979"]
[BlackElo "1931"]
[PlyCount "90"]
[EventDate "2013.??.??"]

1. d4 d5 2. Nf3 Nf6 3. Bf4 c5 4. c3 Nc6 5. e3 Qb6 6. Qb3 c4 7. Qc2 Bf5 8. Qc1
e6 9. h3 h6 10. Nbd2 Be7 11. Be2 O-O 12. O-O a5 13. Bd1 Qa6 14. Bc2 Bxc2 15.
Qxc2 b5 16. a3 Qb7 17. e4 b4 18. Rfe1 bxc3 19. bxc3 a4 20. exd5 exd5 21. Reb1
Qc8 22. Ra2 Na5 23. Re1 Qb7 24. Qf5 Nb3 25. g4 Rfe8 26. g5 hxg5 27. Bxg5 Qc8
28. Re5 Qxf5 29. Rxf5 Rad8 30. Ne5 Nxd2 31. Bxd2 Bd6 32. Nc6 Ra8 33. Kf1 Ra6
34. Nb4 Bxb4 35. axb4 g6 36. Rg5 a3 37. f3 Kf8 38. Bc1 Kg7 39. Kf2 Rae6 40.
Rxa3 Re2+ 41. Kg3 Rc2 42. Bf4 Nh5+ 43. Kg4 Rg2+ 44. Kh4 Nxf4 45. Ra5 Rh8+ 0-1

[Event "e2e4.org.uk Bedford Open"]
[Site "Park Inn Hotel, Bedford, Engla"]
[Date "2013.09.22"]
[Round "5"]
[White "Llewellyn, Alan M"]
[Black "Collins, Andrew"]
[Result "0-1"]
[WhiteElo "1590"]
[BlackElo "1737"]
[PlyCount "52"]
[EventDate "2013.??.??"]

1. c4 Nf6 2. Nc3 e6 3. e4 Nc6 4. g3 Bb4 5. Bg2 Bxc3 6. dxc3 e5 7. Nf3 d6 8. Bg5
h6 9. Bxf6 Qxf6 10. O-O Be6 11. b3 Bg4 12. h3 Be6 13. a4 Qe7 14. a5 a6 15. Nd2
Qd7 16. Kh2 Qc8 17. b4 O-O 18. g4 Ne7 19. f4 exf4 20. Rxf4 Ng6 21. Rf2 Ne5 22.
Bf1 Qd8 23. Qe1 Qh4 24. Rxf7 Qxe1 25. Rxf8+ Rxf8 26. Rxe1 Rf2+ 0-1